Levice Východiská a perspektívy rekonštrukcie centrálnej mestskej zóny

Bibliographic Details
Main Author: Závracká, Andrea (Author)
Format: Article
Language:Slovak
PhysicalDescription:Obr. 4. Res. angl.
Subjects:

MARC

LEADER 00000nab a2200000 a 4500
001 vtls000378981
003 SK-MaSNL
005 20260303160454.0
008 230223c1989 xo 0 slo
015 |a SNBRB19rr/mm-uuuuu 
035 |a CL0379103 
035 |a urn:nbn:sk:snk-abdnth 
035 |a (urnnbn)urn:nbn:sk:snk:ar-001w0j 
035 |a (uuid)29700344-5bc1-418d-a1e0-70104c96956c 
040 |a SNKBUCL  |b slo  |c SNKBUCL  |e AACR2 
041 0 |a slo 
044 |a xo  |c SK 
080 |a 69.059.35:711.523  |2 1981 
080 |a 711.523  |2 1981 
100 1 |a Závracká, Andrea  |4 aut  |9 1173764 
245 1 0 |a Levice  |b Východiská a perspektívy rekonštrukcie centrálnej mestskej zóny  |c Andrea Závracká 
300 |b Obr. 4. Res. angl. 
650 0 7 |a zóny mestské centrálne  |2 snkbucl  |9 953372 
651 7 |a Levice (Slovensko)  |2 snkbucl  |9 55713 
655 7 |a články z novín a časopisov  |2 snkbucl  |9 267496 
773 0 |t Projekt  |g Roč. 31, č. 7-8 (1989), s. 11-12 
850 |a Slovenská národná knižnica v Martine  |a MTA001 
852 |a SNK  |b KIS3GCP 
954 |a odborná, vedecká literatúra pôvodná (slovenská)  |2 lita 
957 |a 5207 
958 |a RK 
958 |a OND 
958 |a EUIPO 
958 |a article19 
992 |a RBX 
999 |c 2046327  |d 2048257